[Event "2.Bl-West"]
[Site "Schwaz"]
[Date "2004.03.13"]
[Round "10"]
[Board "2"]
[White "Duer, Arne"]
[Black "Bayer, Bernhard"]
[Result "1-0"]
[WhiteElo "2375"]
[BlackElo "2298"]
[PlyCount "83"]

1.c4 e5 2.g3 Nf6 3.Bg2 d5 4.cxd5 Nxd5 5.Nc3 Nb6 6.Nf3 Nc6 7.O-O Be7 8.d3 O-O
9.Be3 Be6 10.Qc1 Kh8 11.Ne4 Bd5 12.Nc5 Rb8 13.a3 a5 14.Re1 Nd7 15.Qc3 Nxc5
16.Bxc5 Bxc5 17.Qxc5 Qd6 18.Rac1 f6 19.Nd2 Bxg2 20.Kxg2 Qe6 21.Qc4 Qe7 22.Nf3 f5
23.Qh4 Qxh4 24.Nxh4 Rbd8 25.Rc5 Rf7 26.Rec1 g6 27.Rb5 e4 28.dxe4 fxe4 29.Rxb7
Rd6 30.f4 exf3+ 31.Nxf3 Re7 32.Kf2 Rf6 33.Rc4 Kg8 34.Rb5 Rfe6 35.Rc2 Rf6 36.Rbc5
Ree6 37.Kg2 h6 38.h4 Kf8 39.e4 Ke8 40.R5c4 Kd8 41.R4c3 Ne7 42.e5

[Event "2.Bl-West"]
[Site "Schwaz"]
[Date "2004.03.13"]
[Round "10"]
[Board "3"]
[White "Fuchs, Georg"]
[Black "Pilz, Dieter"]
[Result "1/2-1/2"]
[WhiteElo "2252"]
[BlackElo "2349"]
[PlyCount "32"]

1.e4 c5 2.Nf3 Nc6 3.Nc3 e6 4.d4 cxd4 5.Nxd4 Nf6 6.Ndb5 d6 7.Bf4 e5 8.Bg5 a6
9.Bxf6 gxf6 10.Na3 b5 11.Nd5 Bg7 12.Qh5 Be6 13.Bd3 f5 14.Rd1 h6 15.O-O O-O
16.Ne3 f4

[Event "2.Bl-West"]
[Site "Schwaz"]
[Date "2004.03.13"]
[Round "10"]
[Board "4"]
[White "Ferrari, Josef"]
[Black "Kondrak, Christof"]
[Result "1/2-1/2"]
[WhiteElo "2226"]
[BlackElo "2222"]
[PlyCount "96"]

1.d4 d5 2.Nf3 Nf6 3.g3 g6 4.Bg2 Bg7 5.c4 c6 6.cxd5 cxd5 7.O-O O-O 8.Nc3 Nc6
9.Qb3 Na5 10.Qd1 Bf5 11.Ne5 Rc8 12.Bf4 Ne4 13.Rc1 f6 14.Nf3 g5 15.Be3 Nxc3
16.Rxc3 Rxc3 17.bxc3 Qc7 18.Qa4 Bd7 19.Qb4 e6 20.Nd2 Rb8 21.f4 h6 22.f5 Bf8
23.Qb2 Be7 24.Rc1 b5 25.Qc2 Kg7 26.fxe6 Bxe6 27.Bf2 Rc8 28.e4 Ba3 29.Re1 dxe4
30.Qxe4 Bf7 31.Qf5 Bg6 32.Qxb5 Qxc3 33.Qd5 Kh8 34.Ne4 Qc7 35.Qe6 Re8 36.Qxf6+
Qg7 37.Qxg7+ Kxg7 38.Nc5 Rxe1+ 39.Bxe1 Nc4 40.Bf2 Nd6 41.d5 a5 42.Ne6+ Kf6
43.Bd4+ Kf7 44.Nd8+ Ke8 45.Nc6 a4 46.Bf3 Bb1 47.Bd1 Bxa2 48.Bxa4 Kf8

[Event "2.Bl-West"]
[Site "Schwaz"]
[Date "2004.03.13"]
[Round "10"]
[Board "5"]
[White "Angerer, Helmut"]
[Black "Gerhold, Michael"]
[Result "1-0"]
[WhiteElo "2178"]
[BlackElo "2223"]
[PlyCount "45"]

1.b3 e5 2.Bb2 Nc6 3.e3 d6 4.Bb5 Bd7 5.Ne2 a6 6.Bxc6 Bxc6 7.O-O Qg5 8.Ng3 h5
9.Nc3 f5 10.f4 exf4 11.Rxf4 Ne7 12.Qf1 Bd7 13.Qf3 h4 14.Nxf5 Nxf5 15.Qxb7 Rc8
16.Raf1 Be7 17.Qe4 Kd8 18.Rxf5 Bxf5 19.Rxf5 Qh6 20.Nd5 Re8 21.Rf7 Qh5 22.Qe6 Qh6
23.Bf6

[Event "2.Bl-West"]
[Site "Schwaz"]
[Date "2004.03.13"]
[Round "10"]
[Board "6"]
[White "Gruber, Michael"]
[Black "Kornthaler, Reinhard"]
[Result "1/2-1/2"]
[WhiteElo "2123"]
[BlackElo "2087"]
[PlyCount "60"]

1.e4 c5 2.Nf3 d6 3.d4 cxd4 4.Nxd4 Nf6 5.Nc3 a6 6.Be2 e5 7.Nb3 Be6 8.Be3 Nbd7
9.a4 Be7 10.O-O O-O 11.a5 Qc7 12.f3 Qc6 13.Qd2 d5 14.exd5 Nxd5 15.Nxd5 Bxd5
16.Rfd1 Be6 17.f4 Rfd8 18.fxe5 Nxe5 19.Nd4 Qe4 20.Bd3 Nxd3 21.Qxd3 Qg4 22.h3 Qg3
23.Bf2 Qxd3 24.Rxd3 Bc4 25.Rc3 Rac8 26.b3 Bd5 27.Rxc8 Rxc8 28.c4 Bc6 29.Nxc6
Rxc6 30.Rd1 Rd6

[Event "2.Bl-West"]
[Site "Schwaz"]
[Date "2004.03.13"]
[Round "10"]
[Board "1"]
[White "Halasz, Tamas"]
[Black "Bezold, Michael"]
[Result "0-1"]
[WhiteElo "2383"]
[BlackElo "2456"]
[PlyCount "60"]

1.d4 Nf6 2.Nf3 e6 3.c4 c5 4.d5 exd5 5.cxd5 Bd6 6.Bg5 Bc7 7.d6 Ba5+ 8.Nc3 h6
9.Bh4 Qb6 10.Bxf6 Qxb2 11.Bxg7 Rg8 12.Rb1 Bxc3+ 13.Bxc3 Qxc3+ 14.Nd2 Rg6 15.Rb3
Qg7 16.Re3+ Kf8 17.Nf3 Nc6 18.Nh4 Re6 19.Nf5 Qg4 20.Qa1 Qb4+ 21.Kd1 Qa4+ 22.Ke1
Nd4 23.Nxd4 cxd4 24.Rxe6 dxe6 25.f4 Qb4+ 26.Kf2 Qd2 27.g3 Qe3+ 28.Kg2 Qe4+
29.Kg1 Qe3+ 30.Kg2 Bd7

[Event "2.Bl-West"]
[Site "Schwaz"]
[Date "2004.03.13"]
[Round "10"]
[Board "2"]
[White "Grabher, Heinz"]
[Black "Blaskowski, Johannes"]
[Result "1/2-1/2"]
[WhiteElo "2234"]
[BlackElo "2347"]
[PlyCount "46"]

1.e4 c5 2.Nf3 e6 3.d4 cxd4 4.Nxd4 Nf6 5.Nc3 d6 6.Bc4 a6 7.Bb3 b5 8.f4 b4 9.Na4
Nxe4 10.O-O Bb7 11.f5 e5 12.Ne6 fxe6 13.Qh5+ Kd7 14.fxe6+ Kc8 15.Be3 Be7 16.Rf7
Nf6 17.Qe2 Nc6 18.Nb6+ Kb8 19.Rd1 Ra7 20.Qc4 Re8 21.Rxf6 gxf6 22.Nd7+ Ka8
23.Nb6+ Kb8

[Event "2.Bl-West"]
[Site "Schwaz"]
[Date "2004.03.13"]
[Round "10"]
[Board "3"]
[White "Grundherr, Martin"]
[Black "Atlas, Dimitry"]
[Result "1/2-1/2"]
[WhiteElo "2327"]
[BlackElo "2281"]
[PlyCount "52"]

1.e4 e6 2.d4 d5 3.Nc3 Bb4 4.Qf3 dxe4 5.Qxe4 Nf6 6.Qh4 Bd7 7.Bd3 Bc6 8.Nge2 Nbd7
9.Bd2 Nb6 10.O-O-O Be7 11.Qg3 Qd7 12.f3 O-O-O 13.Kb1 Rhg8 14.h4 h6 15.h5 Kb8
16.Bc1 Bd6 17.Qh4 Be7 18.Qf2 Rge8 19.a3 Nfd5 20.Nxd5 exd5 21.g4 Bb5 22.Nc3 Bxd3
23.Rxd3 Nc4 24.Ka2 Qc6 25.b3 Nd6 26.Re1 Bf6

[Event "2.Bl-West"]
[Site "Schwaz"]
[Date "2004.03.13"]
[Round "10"]
[Board "4"]
[White "Burschowsky, Matthias"]
[Black "Mittelberger, Peter"]
[Result "1/2-1/2"]
[WhiteElo "2186"]
[BlackElo "2267"]
[PlyCount "97"]

1.Nf3 Nf6 2.c4 g6 3.Nc3 Bg7 4.g3 O-O 5.Bg2 d6 6.O-O Nc6 7.d3 a6 8.Rb1 e5 9.b4
Nd4 10.Nd2 c6 11.a4 d5 12.b5 axb5 13.axb5 Be6 14.e3 Nf5 15.Qe2 Qd6 16.Bb2 Rfd8
17.bxc6 bxc6 18.cxd5 cxd5 19.Nb5 Qb8 20.Ba1 Rxa1 21.Rxa1 Qxb5 22.Rfb1 Qd7 23.Ra5
h6 24.Rba1 Nd6 25.Nb3 Nb7 26.Ra7 Qb5 27.Qc2 Nd6 28.R7a5 Qe8 29.Nc5 e4 30.d4 Bg4
31.h3 Bc8 32.Kh2 Nc4 33.Ra7 Nd7 34.Nxe4 Nxe3 35.fxe3 dxe4 36.Qxe4 Qxe4 37.Bxe4
Nf6 38.Bf3 Be6 39.Ra8 Rxa8 40.Rxa8+ Kh7 41.e4 Nxe4 42.Bxe4 Bxd4 43.Ra5 Kg7
44.Bd5 Bb6 45.Rb5 Bxd5 46.Rxd5 Bc7 47.Kg2 h5 48.Kf3 Bb8 49.Rb5

[Event "2.Bl-West"]
[Site "Schwaz"]
[Date "2004.03.13"]
[Round "10"]
[Board "5"]
[White "Eybl, Alexander"]
[Black "Tschohl, Christof"]
[Result "1-0"]
[WhiteElo "2251"]
[BlackElo "2141"]
[PlyCount "73"]

1.Nf3 d5 2.g3 Nf6 3.Bg2 Nbd7 4.O-O e5 5.d3 Be7 6.c4 O-O 7.cxd5 Nxd5 8.Nc3 c6
9.d4 Nxc3 10.bxc3 e4 11.Nd2 f5 12.f3 exf3 13.Nxf3 Nb6 14.Qb3+ Qd5 15.Ne5 Qxb3
16.axb3 Be6 17.c4 Bf6 18.Ra5 Rfd8 19.e3 g6 20.Nd3 Nd7 21.d5 cxd5 22.Nf4 Bf7
23.Nxd5 Bxd5 24.Bxd5+ Kh8 25.Bxb7 Rab8 26.Rxa7 Nc5 27.Bd5 Nxb3 28.Ba3 Nd2 29.Rf2
Bg5 30.Be7 Bxe7 31.Rxe7 Rb1+ 32.Kg2 Rd1 33.g4 Rc8 34.Rf4 Rc1 35.gxf5 Nxc4
36.fxg6 h5 37.Rh4

[Event "2.Bl-West"]
[Site "Schwaz"]
[Date "2004.03.13"]
[Round "10"]
[Board "6"]
[White "Sandholzer, Robert"]
[Black "Astl, Peter"]
[Result "1/2-1/2"]
[WhiteElo "2084"]
[BlackElo "2240"]
[PlyCount "35"]

1.e4 c6 2.d4 d5 3.e5 Bf5 4.h4 h5 5.c4 e6 6.Nc3 Be7 7.Be3 Nh6 8.g3 Nd7 9.Qd2 Qa5
10.a3 dxc4 11.Bxc4 Rd8 12.Qc1 Bg6 13.Nge2 Nf5 14.O-O Nxe3 15.Qxe3 Bf5 16.b4 Qc7
17.Ne4 Nb6 18.Bb3

[Event "2.Bl-West"]
[Site "Schwaz"]
[Date "2004.03.14"]
[Round "11"]
[Board "3"]
[White "Atlas, Dimitry"]
[Black "Bezler, Rainer"]
[Result "1/2-1/2"]
[WhiteElo "2281"]
[BlackElo "2228"]
[PlyCount "28"]

1.e4 c5 2.c3 e6 3.d4 d5 4.e5 Nc6 5.Nf3 Qb6 6.Be2 Nh6 7.Bxh6 gxh6 8.Qd2 Bd7 9.O-O
O-O-O 10.Na3 cxd4 11.cxd4 Bg7 12.Nb5 Rhf8 13.b4 a6 14.Nd6+ Kb8

[Event "2.Bl-West"]
[Site "Schwaz"]
[Date "2004.03.14"]
[Round "11"]
[Board "4"]
[White "Gattenloehner, Sebastian"]
[Black "Burschowsky, Matthias"]
[Result "1/2-1/2"]
[WhiteElo "2218"]
[BlackElo "2186"]
[PlyCount "25"]

1.e4 c5 2.Nf3 e6 3.d4 cxd4 4.Nxd4 a6 5.Bd3 Qc7 6.O-O Nf6 7.f4 d6 8.Kh1 Be7 9.b3
b5 10.Bb2 Bb7 11.Qe2 Nbd7 12.Nd2 O-O 13.Rae1

[Event "2.Bl-West"]
[Site "Schwaz"]
[Date "2004.03.14"]
[Round "11"]
[Board "5"]
[White "Tschohl, Christof"]
[Black "Heilinger, Dietmar"]
[Result "1/2-1/2"]
[WhiteElo "2141"]
[BlackElo "2179"]
[PlyCount "26"]

1.e4 g6 2.d4 Bg7 3.Nf3 c6 4.Nc3 d5 5.exd5 cxd5 6.Be2 Nc6 7.O-O Bg4 8.Be3 e6 9.h3
Bxf3 10.Bxf3 Nge7 11.Ne2 Nf5 12.c3 Nxe3 13.fxe3 Qg5

[Event "2.Bl-West"]
[Site "Schwaz"]
[Date "2004.03.14"]
[Round "11"]
[Board "6"]
[White "Eiler, Gebhard"]
[Black "Sandholzer, Robert"]
[Result "1/2-1/2"]
[WhiteElo "2091"]
[BlackElo "2084"]
[PlyCount "27"]

1.d4 Nf6 2.Nf3 e6 3.Bg5 h6 4.Bh4 b6 5.Nbd2 Bb7 6.c3 Be7 7.Qc2 d5 8.e3 Nbd7 9.Be2
O-O 10.h3 Ne4 11.Bxe7 Qxe7 12.Nxe4 dxe4 13.Nd2 e5 14.O-O-O

[Event "2.Bl-West"]
[Site "Schwaz"]
[Date "2004.03.14"]
[Round "11"]
[Board "1"]
[White "Schmittdiel, Eckhard"]
[Black "Halasz, Tamas"]
[Result "1/2-1/2"]
[WhiteElo "2483"]
[BlackElo "2383"]
[PlyCount "29"]

1.e4 e5 2.Nf3 Nf6 3.Nxe5 d6 4.Nf3 Nxe4 5.Qe2 Qe7 6.d3 Nf6 7.Bg5 Nbd7 8.c4 Qxe2+
9.Bxe2 h6 10.Bd2 g6 11.Nc3 a6 12.O-O Bg7 13.d4 O-O 14.Rfe1 Re8 15.Bd3

[Event "2.Bl-West"]
[Site "Schwaz"]
[Date "2004.03.14"]
[Round "11"]
[Board "2"]
[White "Blaskowski, Johannes"]
[Black "Duer, Arne"]
[Result "0-1"]
[WhiteElo "2347"]
[BlackElo "2375"]
[PlyCount "81"]

1.e4 c5 2.Nf3 e6 3.d4 cxd4 4.Nxd4 Nc6 5.Nc3 Qc7 6.Be3 a6 7.f4 b5 8.Bd3 Bb7 9.Qf3
Nf6 10.Nce2 Be7 11.c3 d6 12.Nxc6 Qxc6 13.Nd4 Qd7 14.O-O g6 15.Bf2 O-O 16.Rae1 e5
17.fxe5 dxe5 18.Nb3 Qc7 19.Be3 Kg7 20.g4 Ng8 21.Rd1 f5 22.gxf5 gxf5 23.Qg3+ Kh8
24.Rxf5 Rxf5 25.exf5 Nf6 26.h4 Nh5 27.Qg4 Rg8 28.Bg5 Nf4 29.f6 Qb6+ 30.Kf1 Bxf6
31.Be2 h6 32.Rd7 Bxg5 33.Qf5 Bg2+ 34.Ke1 Bxh4+ 35.Kd1 Ng6 36.Nd2 Qf6 37.Qd3 Bg5
38.Rd6 Nf4 39.Rxf6 Nxd3 40.Rxa6 Nxb2+ 41.Kc2

[Event "2.Bl-West"]
[Site "Schwaz"]
[Date "2004.03.14"]
[Round "11"]
[Board "3"]
[White "Pilz, Dieter"]
[Black "Grundherr, Martin"]
[Result "0-1"]
[WhiteElo "2349"]
[BlackElo "2327"]
[PlyCount "136"]

1.Nf3 d5 2.c4 c6 3.b3 Bg4 4.Bb2 Nd7 5.g3 Ngf6 6.Bg2 e6 7.O-O Bd6 8.d3 Qb6 9.Qc2
O-O 10.e4 dxe4 11.dxe4 Bxf3 12.Bxf3 e5 13.Nd2 Ba3 14.Bc3 Rfd8 15.Bg2 Bb4 16.Bb2
Nc5 17.Rad1 Nd3 18.Bc3 Bxc3 19.Qxc3 Qc5 20.Bf3 Rd7 21.Kg2 Rad8 22.Nb1 Qd4
23.Qxd4 Rxd4 24.Nc3 Nc5 25.Rxd4 Rxd4 26.Re1 g5 27.h3 h5 28.Kf1 g4 29.hxg4 hxg4
30.Bg2 Kf8 31.Re3 Ke7 32.Ke2 a6 33.f3 gxf3+ 34.Bxf3 b5 35.cxb5 axb5 36.Nd1 Nfxe4
37.Bxe4 Nxe4 38.Nc3 Nxc3+ 39.Rxc3 Kd6 40.Rf3 Ke6 41.Rc3 Kd5 42.Rf3 Rg4 43.Kf2
Ke6 44.Rc3 Kd6 45.Rf3 Ke7 46.Rc3 Rg6 47.a4 Kd6 48.axb5 cxb5 49.Kf3 f5 50.Rc8 Rg4
51.Rf8 Ke6 52.Re8+ Kd5 53.Rf8 Rb4 54.Rxf5 Rxb3+ 55.Kf2 Ke4 56.Rf8 Rb2+ 57.Kg1
Ke3 58.Rf5 Ke4 59.Rf8 b4 60.g4 Rc2 61.Rb8 Rc4 62.Kf2 Kd3 63.Kg3 Kc2 64.g5 b3
65.Kf3 b2 66.g6 b1=Q 67.Rxb1 Kxb1 68.g7 Rc8

[Event "2.Bl-West"]
[Site "Schwaz"]
[Date "2004.03.14"]
[Round "11"]
[Board "4"]
[White "Mittelberger, Peter"]
[Black "Ferrari, Josef"]
[Result "1/2-1/2"]
[WhiteElo "2267"]
[BlackElo "2226"]
[PlyCount "94"]

1.e4 c5 2.Nf3 d6 3.d4 cxd4 4.Nxd4 Nf6 5.Nc3 a6 6.Be3 e5 7.Nb3 Be6 8.Qd2 Nbd7
9.f3 Be7 10.g4 b5 11.g5 Nh5 12.Nd5 Bxd5 13.Qxd5 O-O 14.Qd2 Qc7 15.O-O-O Rfc8
16.Bh3 Rd8 17.Bg4 g6 18.Bxh5 gxh5 19.f4 a5 20.Kb1 a4 21.Nc1 a3 22.b3 Rac8 23.Nd3
Nc5 24.Bxc5 dxc5 25.Qf2 exf4 26.c3 Bd6 27.Nc1 Be5 28.Qf3 b4 29.c4 Bd4 30.Rd3 Be3
31.Rhd1 Rxd3 32.Nxd3 Rd8 33.Qxh5 Rd4 34.e5 Qd7 35.Kc2 Qf5 36.Qf3 Qxg5 37.Ne1
Rxd1 38.Kxd1 Qxe5 39.Qg4+ Kf8 40.Qc8+ Qe8 41.Qxe8+ Kxe8 42.Ke2 Ke7 43.Kf3 Ke6
44.Ke4 f5+ 45.Kd3 Bd4 46.Nf3 Bf6 47.h3 h6

[Event "2.Bl-West"]
[Site "Schwaz"]
[Date "2004.03.14"]
[Round "11"]
[Board "5"]
[White "Gerhold, Michael"]
[Black "Eybl, Alexander"]
[Result "1/2-1/2"]
[WhiteElo "2223"]
[BlackElo "2251"]
[PlyCount "55"]

1.d4 Nf6 2.Nf3 e6 3.c4 b6 4.e3 Bb7 5.Bd3 Bb4+ 6.Nbd2 O-O 7.O-O d5 8.a3 Bxd2
9.Bxd2 Nbd7 10.b4 dxc4 11.Bxc4 Ne4 12.Be1 h6 13.Qe2 Qf6 14.Rc1 Rfc8 15.Nd2 Nd6
16.f3 e5 17.Ne4 Qe7 18.Nxd6 cxd6 19.Bc3 Rc7 20.dxe5 Nxe5 21.Bb3 Rac8 22.Bb2 d5
23.Rxc7 Rxc7 24.Bd4 Nc4 25.Ra1 Nxe3 26.Qxe3 Qxe3+ 27.Bxe3 Rc3 28.Bxd5

[Event "2.Bl-West"]
[Site "Schwaz"]
[Date "2004.03.14"]
[Round "11"]
[Board "6"]
[White "Neuschmied, Siegfried"]
[Black "Gruber, Michael"]
[Result "1/2-1/2"]
[WhiteElo "2219"]
[BlackElo "2123"]
[PlyCount "69"]

1.e4 c5 2.Nf3 d6 3.c3 Nf6 4.Be2 Nc6 5.d3 g6 6.O-O Bg7 7.Re1 O-O 8.Bf1 e5 9.h3
Be6 10.Na3 Rc8 11.Ng5 Bd7 12.f4 Qe7 13.Be3 Nh5 14.f5 Bh6 15.Qg4 Ng7 16.f6 Qxf6
17.Qxd7 Bxg5 18.Qxb7 Ne6 19.Nc4 Qd8 20.Qb3 Na5 21.Qa4 Nxc4 22.Qxc4 Rb8 23.b3 Qa5
24.Bxg5 Nxg5 25.Re2 Ne6 26.Rf2 Kg7 27.Be2 h5 28.g3 Qd8 29.h4 Qe7 30.Kf1 Nc7
31.Bf3 Nb5 32.a4 Nc7 33.d4 exd4 34.cxd4 Rb4 35.Qc3

[Event "2.Bl-West"]
[Site "Schwaz"]
[Date "2004.03.14"]
[Round "11"]
[Board "1"]
[White "Lanka, Zigurds"]
[Black "Bayer, Bernhard"]
[Result "0-1"]
[WhiteElo "2467"]
[BlackElo "2298"]
[PlyCount "140"]

1.e4 e5 2.Nf3 Nc6 3.Bb5 a6 4.Ba4 Nf6 5.O-O Be7 6.Re1 b5 7.Bb3 d6 8.c3 O-O 9.h3
Nb8 10.d4 Nbd7 11.Nbd2 Bb7 12.Bc2 Re8 13.Nf1 Bf8 14.Ng3 g6 15.a4 exd4 16.cxd4 c5
17.d5 Bg7 18.Rb1 c4 19.Bd2 Nc5 20.axb5 axb5 21.Bc3 Nfd7 22.Bxg7 Kxg7 23.Qd2 Qf6
24.Re3 Ra2 25.Nd4 Nd3 26.Ndf5+ Kh8 27.Bxd3 cxd3 28.Nh6 Qf4 29.Rxd3 Qxd2 30.Rxd2
Kg7 31.Ng4 Nc5 32.f3 b4 33.Ne3 Ba6 34.Nc2 Bd3 35.Nxb4 Bxb1 36.Nxa2 Nb3 37.Rd1
Bxa2 38.Ne2 Nc5 39.b4 Na6 40.b5 Nc5 41.Nc3 Bb3 42.Rd4 Rb8 43.Kf2 Kf6 44.Ke3 Ke7
45.Rb4 Kd7 46.b6 Bc2 47.g4 g5 48.Ne2 Bd3 49.Nd4 Ba6 50.h4 gxh4 51.Rb1 h5 52.g5
Rg8 53.Rh1 Rxg5 54.Rxh4 Na4 55.Kf4 f6 56.Ne6 Re5 57.Ng7 Nxb6 58.Nxh5 f5 59.Nf6+
Ke7 60.Rh6 fxe4 61.Ng8+ Kf7 62.Rxd6 e3 63.Nh6+ Kg7 64.Ng4 e2 65.Nxe5 e1=Q
66.Rg6+ Kh7 67.Rxb6 Qc1+ 68.Ke4 Qc2+ 69.Kf4 Bc8 70.Ng4 Qc7+

[Event "2.Bl-West"]
[Site "Schwaz"]
[Date "2004.03.14"]
[Round "11"]
[Board "2"]
[White "Fuchs, Georg"]
[Black "Maiwald, Jens-Uwe"]
[Result "0-1"]
[WhiteElo "2252"]
[BlackElo "2543"]
[PlyCount "36"]

1.e4 c5 2.Nf3 e6 3.b3 a6 4.a4 Nc6 5.Bb2 d5 6.exd5 exd5 7.Be2 Nf6 8.O-O d4 9.Re1
Be7 10.Na3 O-O 11.c3 dxc3 12.Bxc3 Nd5 13.Qc2 g6 14.Rad1 Nd4 15.Qb2 Nf4 16.Bxd4
cxd4 17.Bc4 Bg4 18.Re4 Bxa3

[Event "2.Bl-West"]
[Site "Schwaz"]
[Date "2004.03.14"]
[Round "11"]
[Board "3"]
[White "Gross, David"]
[Black "Kondrak, Christof"]
[Result "1-0"]
[WhiteElo "2458"]
[BlackElo "2222"]
[PlyCount "65"]

1.e4 c5 2.Nf3 Nc6 3.d4 cxd4 4.Nxd4 e5 5.Nb5 a6 6.Nd6+ Bxd6 7.Qxd6 f5 8.Nc3 Qf6
9.Qd1 Nge7 10.exf5 d5 11.Nxd5 Nxd5 12.Qxd5 Bxf5 13.c3 Rd8 14.Qc5 Qg6 15.Be3 Be4
16.f3 Bd3 17.Kf2 Bxf1 18.Rhxf1 Qd3 19.Rfe1 Rd5 20.Qa3 Rf8 21.Qb3 Rb5 22.Qe6+ Ne7
23.Re2 Rf6 24.Qh3 Nf5 25.Bg5 e4 26.Rxe4+ Kf7 27.Bxf6 Rxb2+ 28.Kg1 Kxf6 29.Rae1
Rb6 30.Qxh7 Qxc3 31.Qg8 Qc5+ 32.Kh1 Rb2 33.Qe6+

[Event "2.Bl-West"]
[Site "Schwaz"]
[Date "2004.03.14"]
[Round "11"]
[Board "4"]
[White "Angerer, Helmut"]
[Black "Tabernig, Bernhard"]
[Result "0-1"]
[WhiteElo "2178"]
[BlackElo "2368"]
[PlyCount "108"]

1.b3 d5 2.Bb2 Nf6 3.e3 Bf5 4.Nf3 e6 5.Be2 h6 6.c4 c6 7.O-O Nbd7 8.d4 Bd6 9.Ne5
Qe7 10.Nd2 Rd8 11.f4 Ne4 12.Nxd7 Nxd2 13.Qxd2 Rxd7 14.c5 Bb8 15.Bd3 O-O 16.Rae1
Kh8 17.Bc3 Qf6 18.Qc2 Qg6 19.Bxf5 exf5 20.Ba5 Re8 21.Rf3 Rde7 22.Qf2 Re4 23.Qh4
Qe6 24.Qf2 g5 25.fxg5 hxg5 26.Rxf5 Bf4 27.Re5 Bxe5 28.dxe5 Qxe5 29.Qxf7 Qg7
30.Qh5+ Kg8 31.Rc1 Rxe3 32.Bd2 R3e6 33.Qg4 Re4 34.Qh5 Qd4+ 35.Kh1 Qf6 36.Kg1 Rf8
37.Qxg5+ Qxg5 38.Bxg5 Re2 39.Bh4 Rf4 40.Be1 Rxa2 41.Rd1 Re4 42.h4 Ree2 43.g3 Kh7
44.Kf1 Kg6 45.Rd4 Re4 46.Rd1 Kh5 47.Bf2 Ree2 48.Be1 Rh2 49.Kg1 Kg4 50.Rd3 Rag2+
51.Kf1 Kh3 52.g4+ Kxg4 53.Rd4+ Kf3 54.Rd3+ Ke4

[Event "2.Bl-West"]
[Site "Schwaz"]
[Date "2004.03.14"]
[Round "11"]
[Board "5"]
[White "Kroell, Johannes"]
[Black "Kornthaler, Reinhard"]
[Result "1-0"]
[WhiteElo "2192"]
[BlackElo "2087"]
[PlyCount "115"]

1.Nc3 c5 2.e4 d6 3.g3 Nc6 4.Bg2 g6 5.d3 Bg7 6.Be3 e6 7.Qd2 Qa5 8.Nge2 Nd4 9.Nf4
Ne7 10.O-O O-O 11.Ncd5 Qd8 12.Nxe7+ Qxe7 13.c3 Nc6 14.d4 cxd4 15.cxd4 e5 16.Nd5
Qd8 17.dxe5 dxe5 18.b4 Be6 19.Rac1 Bxd5 20.exd5 Nd4 21.f4 Nf5 22.Bc5 exf4
23.gxf4 Re8 24.d6 Qd7 25.Rfd1 Rad8 26.Bxa7 Qxd6 27.Qxd6 Rxd6 28.Rxd6 Nxd6 29.Rd1
Nb5 30.Bc5 Nc3 31.Rd7 b5 32.Bf1 h5 33.a4 bxa4 34.Bc4 Re1+ 35.Kf2 Rc1 36.Bxf7+
Kh7 37.Kf3 a3 38.Ra7 Nb5 39.Ra6 Bb2 40.Bxg6+ Kg7 41.Be8 Nc3 42.Ra7+ Kf6 43.Bd4+
Ke6 44.Bf7+ Kd6 45.Be5+ Kc6 46.Be8+ Kd5 47.Bf7+ Kc6 48.Ra5 Kb6 49.Bc4 Na4 50.Be6
Nc3 51.h4 Nb5 52.Ke4 Re1+ 53.Kf5 Rh1 54.Bc4 Na7 55.Ra6+ Kb7 56.b5 Bxe5 57.Bd5+
Kc8 58.Bxh1

[Event "2.Bl-West"]
[Site "Schwaz"]
[Date "2004.03.14"]
[Round "11"]
[Board "1"]
[White "Schmidt, Georg"]
[Black "Westermeier, Arnulf"]
[Result "1/2-1/2"]
[WhiteElo "2376"]
[BlackElo "2297"]
[PlyCount "43"]

1.e4 c5 2.Nf3 a6 3.c4 d6 4.d4 Bg4 5.d5 e5 6.Nc3 Be7 7.Rb1 Nd7 8.h3 Bxf3 9.Qxf3
Bg5 10.Bxg5 Qxg5 11.h4 Qf6 12.Qe2 Qe7 13.g3 Ngf6 14.Bh3 O-O 15.a3 Rfb8 16.O-O b5
17.b4 bxc4 18.Qxc4 cxb4 19.axb4 Rc8 20.Qd3 Qd8 21.Na4 Qc7 22.Qe3

[Event "2.Bl-West"]
[Site "Schwaz"]
[Date "2004.03.14"]
[Round "11"]
[Board "2"]
[White "Juergens, Klaus"]
[Black "Kunze, Holger"]
[Result "1/2-1/2"]
[WhiteElo "2162"]
[BlackElo "2265"]
[PlyCount "49"]

1.Nf3 Nf6 2.c4 g6 3.g3 c5 4.Bg2 Bg7 5.O-O Nc6 6.Nc3 O-O 7.d4 cxd4 8.Nxd4 Ng4
9.e3 d6 10.b3 Nxd4 11.exd4 Nh6 12.Bb2 Nf5 13.Nd5 Bd7 14.Ne3 Rb8 15.Rc1 b5 16.c5
dxc5 17.Rxc5 Rb6 18.Nxf5 Bxf5 19.Re1 a6 20.Qd2 Rd6 21.d5 Bxb2 22.Qxb2 Bc8 23.Qc3
Bb7 24.Rc7 Bxd5 25.Bxd5

[Event "2.Bl-West"]
[Site "Schwaz"]
[Date "2004.03.14"]
[Round "11"]
[Board "3"]
[White "Panteleev, Petar"]
[Black "Teufl, Siegfried"]
[Result "1/2-1/2"]
[WhiteElo "2303"]
[BlackElo "2192"]
[PlyCount "78"]

1.Nf3 Nf6 2.c4 c5 3.g3 g6 4.b3 Bg7 5.Bb2 Nc6 6.Bg2 d6 7.O-O O-O 8.Nc3 d5 9.cxd5
Nxd5 10.Rc1 Ndb4 11.a3 Na2 12.Rc2 Nxc3 13.Bxc3 Nd4 14.Rb2 Bg4 15.b4 b6 16.bxc5
bxc5 17.Rb7 Nxf3+ 18.exf3 Bc8 19.Bxg7 Kxg7 20.Rb3 Be6 21.Re3 Qa5 22.Qa1+ Kg8
23.d4 c4 24.Re5 Qd8 25.f4 Rc8 26.Qc3 Bf5 27.Rc1 Bd3 28.Bf1 Bxf1 29.Kxf1 Qd6
30.a4 e6 31.Rc5 Rxc5 32.dxc5 Qxc5 33.Qxc4 Qa3 34.Rc3 Qb2 35.Rc2 Qb1+ 36.Rc1 Qf5
37.Qc5 Qd3+ 38.Kg1 a6 39.Qc4 Qa3

[Event "2.Bl-West"]
[Site "Schwaz"]
[Date "2004.03.14"]
[Round "11"]
[Board "4"]
[White "Loeffler, Christoph"]
[Black "Opl, Klaus"]
[Result "0-1"]
[WhiteElo "2147"]
[BlackElo "2280"]
[PlyCount "90"]

1.e4 e5 2.Nf3 Nc6 3.d4 exd4 4.Nxd4 Bc5 5.Nb3 Bb4+ 6.c3 Be7 7.g3 Nf6 8.Bg2 d6
9.h3 Be6 10.Nd4 Nxd4 11.cxd4 d5 12.e5 Ne4 13.O-O O-O 14.Qe2 Qd7 15.Kh2 f6 16.f3
Ng5 17.h4 Nf7 18.Re1 fxe5 19.dxe5 Rae8 20.Bf4 Nd8 21.Bg5 Bc5 22.Nc3 Nc6 23.Qb5
Bd4 24.Bf4 a6 25.Qd3 Bf2 26.Re2 Bc5 27.Rd1 Nd4 28.Red2 Rxf4 29.gxf4 Qe7 30.Qf1
Qxh4+ 31.Bh3 Bxh3 32.Qxh3 Nxf3+ 33.Kg2 Qxh3+ 34.Kxh3 Nxd2 35.Rxd2 c6 36.Kg4 g6
37.a3 Kf7 38.b4 Bf8 39.Re2 Ke6 40.Rh2 h5+ 41.Kg5 Kf7 42.Kh4 a5 43.bxa5 Bxa3
44.Ra2 Bb4 45.Ne2 Ra8

[Event "2.Bl-West"]
[Site "Schwaz"]
[Date "2004.03.14"]
[Round "11"]
[Board "1"]
[White "Wegerle, Joerg"]
[Black "Reich, Thomas"]
[Result "0-1"]
[WhiteElo "2382"]
[BlackElo "2408"]
[PlyCount "152"]

1.e4 d6 2.c4 c5 3.Nc3 Nc6 4.g3 g6 5.Bg2 Bg7 6.Nge2 Nf6 7.O-O O-O 8.d3 Bg4 9.f3
Bd7 10.Be3 Ne8 11.Qd2 Nc7 12.Rab1 Ne6 13.a3 Ned4 14.b4 Rb8 15.b5 Ne5 16.Bxd4
cxd4 17.Nd1 Bc8 18.Nc1 Nd7 19.Nb3 Qc7 20.Nf2 Nc5 21.Nxc5 Qxc5 22.Qb4 e5 23.Qxc5
dxc5 24.Bh3 f5 25.exf5 gxf5 26.g4 Bh6 27.gxf5 Be3 28.Kh1 Bxf2 29.Rxf2 Bxf5
30.Bxf5 Rxf5 31.Rg1+ Kf7 32.Rg3 Rf8 33.Kg2 Ke6 34.Re2 R8f6 35.a4 Rg6 36.a5 Kf6
37.b6 axb6 38.Rb2 bxa5 39.Rxb7 Rh5 40.Ra7 Kf5 41.Rxg6 hxg6 42.Rf7+ Kg5 43.Kg3
Rh8 44.Re7 Rc8 45.Rxe5+ Kf6 46.Re2 a4 47.Ra2 Ra8 48.Kf4 a3 49.h4 Ra6 50.Ke4 Ke6
51.f4 Ra8 52.Kf3 Kf5 53.Kg3 Re8 54.Rxa3 Re3+ 55.Kf2 Rh3 56.Ra5 Kxf4 57.Rxc5 Rh2+
58.Kg1 Rxh4 59.Rd5 Ke3 60.c5 Rh7 61.c6 Rc7 62.Rd6 g5 63.Rg6 Kxd3 64.Kf2 Kc2
65.Rxg5 Rxc6 66.Rd5 d3 67.Ke3 Re6+ 68.Kf2 d2 69.Rc5+ Kd1 70.Rh5 Rc6 71.Ra5 Kc2
72.Ra2+ Kd3 73.Ra3+ Rc3 74.Ra1 Rc1 75.Ra3+ Kc4 76.Ra4+ Kb5

[Event "2.Bl-West"]
[Site "Schwaz"]
[Date "2004.03.14"]
[Round "11"]
[Board "2"]
[White "Micheli, Carlo"]
[Black "Salvermoser, Bernd"]
[Result "0-1"]
[WhiteElo "2360"]
[BlackElo "2246"]
[PlyCount "126"]

1.e4 c5 2.Nf3 d6 3.d4 cxd4 4.Nxd4 Nf6 5.Nc3 g6 6.g3 Nc6 7.Nb3 Bg4 8.f3 Be6 9.g4
Bg7 10.Be3 O-O 11.Qd2 Ne5 12.Nd4 Qa5 13.g5 Nh5 14.f4 Nc4 15.Bxc4 Bxc4 16.b3 Be6
17.Nce2 Qxd2+ 18.Kxd2 Bg4 19.Raf1 Bd7 20.c4 e5 21.fxe5 dxe5 22.Nc2 Bc6 23.Nc3 f5
24.Nb4 Bxe4 25.Nxe4 fxe4 26.Re1 Rfd8+ 27.Kc3 Bf8 28.Nd5 Rac8 29.Rd1 b5 30.Bxa7
bxc4 31.bxc4 Rxc4+ 32.Kb3 Rdc8 33.Rhe1 Nf4 34.Rxe4 Rxe4 35.Nf6+ Kf7 36.Nxe4 Ke6
37.h4 Rc7 38.Be3 Rb7+ 39.Kc2 Nd5 40.Bd2 Nb4+ 41.Kb3 Kf5 42.Rf1+ Kxe4 43.Rxf8
Nc6+ 44.Kc3 Ra7 45.Kb2 Kd3 46.Be1 e4 47.Rc8 Rb7+ 48.Kc1 Nd4 49.Rd8 Rc7+ 50.Kb1
e3 51.a4 Rc4 52.a5 Ke2 53.a6 Kxe1 54.a7 Ra4 55.Rxd4 Rxa7 56.Kc2 Ra2+ 57.Kc1 Kf2
58.Rf4+ Kg3 59.Re4 Kf3 60.Re7 e2 61.Rf7+ Kg3 62.Re7 e1=Q+ 63.Rxe1 Ra1+

[Event "2.Bl-West"]
[Site "Schwaz"]
[Date "2004.03.14"]
[Round "11"]
[Board "3"]
[White "Herbrechtsmeier, Christof"]
[Black "Unzicker, Ferdinand"]
[Result "1/2-1/2"]
[WhiteElo "2292"]
[BlackElo "2290"]
[PlyCount "29"]

1.e4 e6 2.d4 d5 3.Nc3 Bb4 4.Bd3 dxe4 5.Bxe4 Nf6 6.Bf3 c5 7.Nge2 Nc6 8.O-O cxd4
9.Bxc6+ bxc6 10.Qxd4 Qxd4 11.Nxd4 Bxc3 12.bxc3 Ba6 13.Re1 O-O 14.Nxc6 Nd5 15.Nb4